Anglicko-slovenský technický slovník 2. diel_K_Z

Salvato in:
Dettagli Bibliografici
Natura: Libro
Lingua:slovacco
Pubblicazione: Bratislava : Alfa, 1993
Edizione:3.vyd.
Tags: Aggiungi Tag
Nessun Tag, puoi essere il primo ad aggiungerne!!

MARC

LEADER 00000nam a22000003a 4500
001 stu13553
005 20150408162552.7
008 960628s1993----xo------------------slo-d
020 |a 8005008457 
040 |a STU  |b slo 
041 0 |a slo 
044 |a xo 
245 |a Anglicko-slovenský technický slovník 2. diel_K_Z 
250 |a 3.vyd.  
260 |a Bratislava :  |b Alfa,  |c 1993 
300 |a 687 s 
996 |c V*30386/O-12286 II  |l VV5  |s P  |a 0  |w stu13553_0001 
996 |b 284AU00640  |c A*2253 U  |l AAKNST  |s P  |a 0  |w stu13553_0002